Welche Stadt mit U? - Statistiken

Allgemein
  • Dieses Quiz wurde 56 mal gespielt
  • Das Durchschnittsergebnis liegt bei 7 aus 17
Antwortstatistiken
Hinweis Stadt % Korrekt
Hier befindet sich der höchste Kirchtum (von einer Kirche) Ulm
100%
Große Stadt in den Niederlanden Utrecht
94%
Hat den gleichen Name, wie die Insel in der Ostsee, auf der sie liegt Usedom
92%
Hier befindet sich die älteste Uni Schwedens Uppsala
90%
2. Größte Stadt in Friaul-Julisch Venetien Udine
63%
Stadt in der Lüneburger Heide Uelzen
60%
Heißt übersetzt "Roter Held" Ulaanbaatar
58%
Hauptstadt Ostturkestans/Xinjiangs Urumqi
35%
südlichste Stadt, die sich am "Ende der Welt" in Argentinien befindet Ushuaia
29%
Hier steht das weltweit größte Automobilmontagewerk (Tipp: Es istvon Hyundai) Ulsan
23%
Millionenstadt und Hauptstadt von Baschkortostan Ufa
21%
Ist als „Stadt der Birken“ bekannt Umeå
10%
Diese Stadt ist für das „una festa italiana“ Unna
10%
Gilt als südlichste Stadt der Welt Uschuaia
10%
Größte Stadt am Greifensee Uster
8%
Eine der sieben heiligen Städte Indiens Ujjain
4%
Indonesische Stadt, die ähnlich wie ein Land mit U klingt Ungaran
2%
Keine übereinstimmenden Quizze gefunden
Verteilung der Resultate
Anzahl Personen mit jedem Resultat
Perzentil nach korrekt beantworteten Fragen
Ihre Resultats-Entwicklung
Sie haben dieses Quiz noch nicht gespielt